| 000 | 00443nam a2200181Ia 4500 | ||
|---|---|---|---|
| 005 | 20251020182554.0 | ||
| 008 | 200515s9999 xx 000 0 und d | ||
| 082 | _aR/682/O28/3 | ||
| 110 | _aEdiciones Océano | ||
| 245 | 0 | _aBiblioteca Atrium de la Herrería : estructura metálica | |
| 260 | _aBarcelona | ||
| 260 | _c1994 | ||
| 300 | _a117 | ||
| 650 | _aESTRUCTURAS | ||
| 650 | _aESTRUCTURAS METALICAS | ||
| 650 | _aLIB | ||
| 942 | _cLIB | ||
| 999 |
_c2816 _d2816 |
||